00245pam a2200109 a 4500020000500000041000800005082001300013100001500026245005200041260003200093300001000125 c aeng a591bPIN aPincher.C. aThe Breeding Of Forms AnimalhTextual Documents aNew YorkbPenguin Books Ltd a149p.